000 01098nam a22003377a 4500
003 CHAP
005 20220817041022.0
008 971013s1982 us a r 00010 eng d
010 _a4668
011 _a5640
035 _a4854
040 _cCHAP
090 _aFolleto 5215 v.9
100 0 0 _aKrombein, Karl V.
245 1 _aBiosystematic studies of (Ceylonese wasps IX: A monograph of the tiphiidae (Hymenoptera: Vespoidea)
260 _aWashington :
_bSmithsonian Institution,
_c1982
300 _a120 p.
_b: ilus
490 _aSmithsonian contributions to zoology
_v; 374
500 _a54-46
590 _aBATCH-UPD
_b10
_c20130110
_lUCH01
_h1537
590 _aBATCH-UPD
_b10
_c20130410
_lUCH01
_h0941
590 _aBATCH-UPD
_b10
_c20130914
_lUCH01
_h0458
590 _aCONVERSION
_b10
_c20130109
_lUCH01
_h1304
650 1 4 _aAvispas.
_98877
650 1 4 _aEntomología sistemática.
_937154
650 1 4 _aHimenópteros.
_955474
830 0 _aSmithsonian contributions to zoology
_v; 374
_9107173
901 _aBK
942 _cFOLL
949 _aFolleto 5215 v.9
_bBC
_cFOLL
_d-14417
_eTS1
_i4854
_si
999 _c4668
_d4668